000 00430nam a22001457a 4500
005 20180809122306.0
020 _a8175100869
_c150.00
035 _aA-934432, A-934433
037 _aDPL
_bENG
100 _aNarain, M.K.
245 _aSmall groups and village development /
_cby M.K. Narain
260 _aNew Delhi
_bReliance Publishing House
_c1998
300 _axi, 125p.
_c18 cms.
942 _2ddc
_cEN
_h302.3
_mNAR
999 _c64966
_d64966